000 00514cam a22002054a 4500
005 20250605164315.0
008 250528s ||||||||||||||||||||||||d
035 _a22655
020 _a9780500974230
040 _aGR-AtMCL
_bgre
_dGR-AtMCL
_eAACR2
245 1 _aCROSS-CULTURAL DESIGN / COMMUNICATING IN THE GLOBAL MARKETPLACE
250 _a1
260 _c1995
300 _a229
700 1 _aSteiner Henry
_94847
700 1 _aThames And Hudson
_92417
942 _cBK
999 _c7703
_d7703